00309nam a2200133 450000500170000000700040001700800040002104000090002505000100003410000180004424500470006226000540010930000120016320150827094346.0000000 aUOEL aF DOR aDorian, Edith aNo Moon on Graveyard Head /cEdith, Dorian aLondon ;bMcGraw-Hill Book Company, INC ,cc1953. a190p. :